Central Library OPAC University of Rajshahi

A new calculus : (Record no. 51357)

MARC details
000 -LEADER
fixed length control field 00811nam a22002532 4500
001 - CONTROL NUMBER
control field 51357
003 - CONTROL NUMBER IDENTIFIER
rucl marc code BD-RJUL
005 - DATE AND TIME OF LATEST TRANSACTION
control field 20211209075639.0
008 - FIXED-LENGTH DATA ELEMENTS--GENERAL INFORMATION
fixed length control field 160830m19501952enka 001 0 eng d
035 ## - SYSTEM CONTROL NUMBER
System control number (BD-RJUL) 51477
040 ## - CATALOGING SOURCE
Original cataloging agency SPP
Transcribing agency SPP
Modifying agency EQO
-- BD-RJUL
Language of cataloging eng
041 ## - LANGUAGE CODE
Language code of text/sound track or separate title eng
082 ## - DEWEY DECIMAL CLASSIFICATION NUMBER
Edition number 23
Classification number 515
Author mark and year SIN 1954
100 10 - MAIN ENTRY--PERSONAL NAME
Personal name Siddons, A. W.
Fuller form of name (Arthur Warry)
9 (RLIN) 153613
245 12 - TITLE STATEMENT
Title A new calculus :
Remainder of title with chapters on co-ordinate geometry, differentiation and integration as summation /
Statement of responsibility, etc. by A.W. Siddons, K.S. Snell and J.B. Morgan.
260 ## - PUBLICATION, DISTRIBUTION, ETC. (IMPRINT)
Place of publication, distribution, etc. Cambridge :
Name of publisher, distributor, etc. University Press,
Date of publication, distribution, etc. 1950 [repeinted 1954]
300 ## - PHYSICAL DESCRIPTION
Pagination Pt. ;
Illustrations ill.
500 ## - GENERAL NOTE
General note Include index
505 ## - FORMATTED CONTENTS NOTE
Formatted contents note Part-1
650 #0 - SUBJECT ADDED ENTRY--TOPICAL TERM
Topical term or geographic name as entry element Calculus.
9 (RLIN) 153614
700 ## - ADDED ENTRY--PERSONAL NAME
Personal name Snell, K.S.
Personal name Morgan, J.B.
942 ## - ADDED ENTRY ELEMENTS (KOHA)
Source of classification or shelving scheme Dewey Decimal Classification
Koha item type Books
Holdings
Lost status Source of classification or shelving scheme Damaged status Not for loan Collection code Permanent Location Current Location Shelving location Date acquired Source of acquisition Cost, normal purchase price Total Checkouts Full call number Date last seen Copy number Koha item type
  Dewey Decimal Classification     Non-fiction Central Library, University of Rajshahi Central Library, University of Rajshahi   08/09/1955 B.H. black well. 55.00   515 SIN Pt.1 1954 30/08/2016 C-2 Books
  Dewey Decimal Classification     Non-fiction Central Library, University of Rajshahi Central Library, University of Rajshahi   27/04/1966 Aus.     515 SIN Pt.1 1954 30/08/2016 C-3 Books
  Dewey Decimal Classification     Non-fiction Central Library, University of Rajshahi Central Library, University of Rajshahi   27/04/1966 Aus.     515 SIN Pt.1 1954 30/08/2016 C-4 Books